| 000 | 00723nam a22001577a 4500 | ||
|---|---|---|---|
| 003 | OSt | ||
| 005 | 20161103151151.0 | ||
| 008 | 161103b xxu||||| |||| 00| 0 eng d | ||
| 040 | _cRUA | ||
| 082 | _aFOR KON 2015 B524 Or. | ||
| 100 |
_911135 _aKONG KONGKEA; គង់ គង្គា |
||
| 245 | _aSeed orchard management by kompeng community in pro-ngil commune, phnom kravan district, pursat province; ការគ្រប់គ្រងចំការឈើពូជដោយសហគមន៍កំពែង ឃុំព្រងិល ស្រុកភ្នំក្រវាញ ខេត្តពោធិ៍សាត់ | ||
| 260 |
_aPhnom Penh _bRUA _c2015 |
||
| 300 |
_axi; 39p. _bill. _c29cm. |
||
| 942 |
_2ddc _cFOR |
||
| 999 |
_c10712 _d10712 |
||